[Event "EU-ch U20"]
[Site "Groningen"]
[Date "1984.??.??"]
[Round "3"]
[White "Blatny, Pavel"]
[Black "Howell, James C"]
[Result "0-1"]
[WhiteElo "2330"]
[BlackElo "2320"]

1.e4 c5 2.Nc3 d6 3.g3 Nc6 4.Bg2 g6 5.d3 Bg7 6.Be3 e6 7.Qd2 Nge7 8.Bh6 O-O
9.h4 Bxh6 10.Qxh6 f6 11.O-O-O Nd4 12.Nge2 e5 13.Bh3 Bxh3 14.Rxh3 Qd7 15.Rhh1 b5
16.Nxd4 cxd4 17.Ne2 d5 18.f4 dxe4 19.dxe4 Rac8 20.fxe5 fxe5 21.Rh2 Qc6 22.Ng1 Qxe4
23.Nh3 Qb7 24.h5 Nf5 25.Qg5 Qe4 26.b3 Ne3 27.Rdd2 Rf1+ 28.Kb2 Nc4+ 29.bxc4 bxc4
30.Qe7 Rb8+ 31.Ka3 Qc6 32.Qxa7 Qd6+  0-1

[Event "Poznan"]
[Site "Poznan"]
[Date "1984.??.??"]
[Round "1"]
[White "Lanc, Alois"]
[Black "Blatny, Pavel"]
[Result "0-1"]
[WhiteElo "2410"]
[BlackElo "2355"]

1.e4 e5 2.Nf3 Nc6 3.Bb5 a6 4.Ba4 Nf6 5.d4 exd4 6.O-O Be7 7.Re1 b5 8.e5 Nxe5
9.Rxe5 d6 10.Rg5 bxa4 11.Nxd4 O-O 12.Nc3 Bd7 13.Nf5 Bxf5 14.Rxf5 Qd7 15.Qf3 Rab8
16.Ra5 Qe6 17.Qe2 Rb6 18.Rxa4 d5 19.b3 c5 20.Qxe6 Rxe6 21.Kf1 Bd6 22.Rxa6 Be5
23.Rxe6 fxe6 24.Bb2 Ng4 25.Nd1 Bxb2 26.Nxb2 Rxf2+ 27.Kg1 Rxc2 28.Nd1 d4 29.h3 d3
30.Rb1 d2 31.Rb2 Rc1 32.Rxd2 Ne3 33.Re2 Nxd1 34.Re1 Kf7 35.a4 Ke7 36.a5 Rb1
37.a6 Rxb3 38.Rxd1 Ra3 39.Rc1 Kd6 40.Rd1+ Kc6 41.Re1 Kd5 42.Rd1+ Kc6 43.Re1 Rxa6
44.Rxe6+ Kb5 45.Re7 Rg6 46.Kf2 Kb4 47.g4 c4 48.Ke3 Kc3 49.Kf4 Rh6 50.Kg3 g5
51.Rg7 Kd4 52.Rxg5 c3 53.Rg7 Rc6 54.Rd7+ Kc4 55.Rd1 c2 56.Rc1 Kd3 57.h4 Rc4
58.Rf1 c1=Q 59.Rxc1 Rxc1 60.Kf4 Rc5 61.g5 Rc4+  0-1

[Event "Poznan"]
[Site "Poznan"]
[Date "1984.??.??"]
[Round "2"]
[White "Blatny, Pavel"]
[Black "Babula, Milan"]
[Result "1-0"]
[WhiteElo "2355"]
[BlackElo "2385"]

1.e4 e6 2.d4 d5 3.e5 c5 4.Nf3 cxd4 5.Bd3 Nc6 6.O-O Nge7 7.Re1 Ng6 8.g3 Qc7
9.Qe2 Be7 10.h4 f6 11.Bxg6+ hxg6 12.Bf4 Qb6 13.b3 Bd7 14.Qd3 Kf7 15.a3 Rh5
16.g4 Rhh8 17.b4 fxe5 18.Bxe5 Bxh4 19.b5 Nxe5 20.Nxe5+ Kg8 21.Nxd7 Qd6 22.Ne5 Rf8
23.Nd2 Bxf2+ 24.Kg2 Bxe1 25.Rxe1 Rh6 26.Ndf3 Rc8 27.g5 Rc3 28.Qxd4 Rxc2+
29.Kg3 Rh5 30.Qf4 Qf8 31.Nxg6 Qxf4+ 32.Nxf4 Rh8 33.Rxe6 Rh1 34.Nxd5 Ra1 35.g6 Kf8
36.Kf4 Rxa3 37.Ng5 Rf2+ 38.Ke5 Re2+ 39.Kd6 Rxe6+ 40.Nxe6+ Kg8 41.Ne7+ Kh8
42.Ng5 Rd3+ 43.Kc7  1-0

[Event "Poznan"]
[Site "Poznan"]
[Date "1984.??.??"]
[Round "3"]
[White "Thipsay, Praveen Mahadeo"]
[Black "Blatny, Pavel"]
[Result "1/2-1/2"]
[WhiteElo "2445"]
[BlackElo "2355"]

1.e4 e5 2.Nf3 Nc6 3.Bb5 a6 4.Ba4 Nf6 5.O-O Be7 6.Re1 b5 7.Bb3 O-O 8.a4 Bb7
9.d3 d6 10.Nc3 b4 11.Ne2 Na5 12.Ba2 c5 13.Ng3 Bc8 14.Nd2 Bg4 15.f3 Be6  1/2-1/2

[Event "Poznan"]
[Site "Poznan"]
[Date "1984.??.??"]
[Round "4"]
[White "Blatny, Pavel"]
[Black "Doda, Zbigniew"]
[Result "1/2-1/2"]
[WhiteElo "2355"]
[BlackElo "2340"]

1.e4 c5 2.Nc3 e6 3.Nge2 Nc6 4.g3 d5 5.d3 d4 6.Nb1 g6 7.Bg2 Bg7 8.f4 e5 9.O-O Nge7
10.Nd2 O-O 11.Nc4 f6 12.a4 Be6 13.fxe5 fxe5 14.Rxf8+ Qxf8 15.Bd2 Qd8 16.Nc1 b6
17.Nb3 Rb8 18.Bf3 Qd7 19.a5 Nc8 20.axb6 axb6 21.Ra6 Bf8 22.h4 h6 23.Kg2 Kh7
24.g4 Qb7 25.Ra1  1/2-1/2

[Event "Poznan"]
[Site "Poznan"]
[Date "1984.??.??"]
[Round "5"]
[White "Stempin, Pawel"]
[Black "Blatny, Pavel"]
[Result "1-0"]
[WhiteElo "2415"]
[BlackElo "2355"]

1.d4 Nf6 2.c4 e6 3.Nc3 d5 4.Bg5 Bb4 5.e3 h6 6.Bh4 g5 7.Bg3 Ne4 8.Rc1 h5 9.f3 Nxg3
10.hxg3 Nd7 11.f4 Bxc3+ 12.bxc3 Nf6 13.fxg5 Ne4 14.Rxh5 Rg8 15.Nh3 Nxg3 16.Rh7 e5
17.g6 fxg6 18.Qf3 Nf5 19.g4 e4 20.Qf4 g5 21.Qe5+ Ne7 22.cxd5 Qd6 23.Qxe4 Bd7
24.Rc2 c6 25.Bc4 Rf8 26.Rf2 Rxf2 27.Nxf2 Kd8 28.dxc6 Bxc6 29.Qe6 Qa3 30.Nd1 Rc8
31.Rh8+ Kc7 32.Qe5+ Kb6 33.Rxc8 Nxc8 34.Qxg5  1-0

[Event "Poznan"]
[Site "Poznan"]
[Date "1984.??.??"]
[Round "6"]
[White "Blatny, Pavel"]
[Black "Szymczak, Zbigniew"]
[Result "0-1"]
[WhiteElo "2355"]
[BlackElo "2335"]

1.e4 c5 2.Nc3 Nc6 3.g3 g6 4.Bg2 Bg7 5.d3 d6 6.Be3 e6 7.Qd2 Rb8 8.Nge2 Nd4
9.Bxd4 cxd4 10.Nb5 Qb6 11.Qb4 Ke7 12.e5 Bxe5 13.f4 Bg7 14.Nexd4 Bd7 15.Bc6 bxc6
16.Qxd6+ Kd8 17.Nxa7 Bxd4 18.Nxc6+ Qxc6 19.Qxb8+ Ke7 20.O-O-O Nh6 21.Qb4+ Bc5
22.Qc4 Nf5 23.b4 Be3+ 24.Kb2 Qb6 25.c3 Bc6 26.d4 Bxh1 27.Rxh1 Qb7 28.Re1 Rc8  0-1

[Event "Poznan"]
[Site "Poznan"]
[Date "1984.??.??"]
[Round "7"]
[White "Paehtz, Thomas Sr"]
[Black "Blatny, Pavel"]
[Result "0-1"]
[WhiteElo "2390"]
[BlackElo "2355"]

1.c4 e5 2.Nc3 Nc6 3.g3 g6 4.Bg2 Bg7 5.Rb1 d6 6.b4 f5 7.b5 Nce7 8.e3 Nf6 9.Nge2 O-O
10.Nd5 Be6 11.Qb3 Nexd5 12.cxd5 Bf7 13.d3 c6 14.e4 cxd5 15.exd5 Rc8 16.O-O Qc7
17.Ba3 Qc2 18.Qxc2 Rxc2 19.Bxd6 Rxe2 20.Bxf8 Bxf8 21.b6 a5 22.d6 e4 23.dxe4 fxe4
24.Rbd1 Be8 25.Bh3 Bd7 26.Bxd7 Nxd7 27.a4 Kf7 28.Rd4 Rb2 29.Rxe4 Bxd6 30.Rd1 Rxb6
31.Red4 Ke7 32.Re4+ Kd8 33.Rh4 Nf6 34.g4 Kc7 35.Rh3 Rb4 36.Rc3+ Kd7 37.g5 Rg4+
38.Kf1 Rxg5 39.Rcd3 Ne8 40.Rb1 Kc6 41.Rdb3 Bb4 42.Re3 Nd6 43.Re7 Nc4  0-1

[Event "Poznan"]
[Site "Poznan"]
[Date "1984.??.??"]
[Round "8"]
[White "Kaposztas, Miklos"]
[Black "Blatny, Pavel"]
[Result "1-0"]
[WhiteElo "2330"]
[BlackElo "2355"]

1.d4 Nf6 2.c4 e6 3.Nc3 d5 4.cxd5 exd5 5.Bg5 Be7 6.Qc2 c6 7.e3 O-O 8.Bd3 h6
9.Bh4 Re8 10.Nf3 Ne4 11.Bxe7 Qxe7 12.Bxe4 dxe4 13.Nd2 f5 14.O-O Be6 15.a3 Nd7
16.b4 Nb6 17.Rfc1 Nd5 18.Nxd5 cxd5 19.Qc7 Kf7 20.Qe5 Rac8 21.Nf1 g5 22.Ng3 Qf6
23.Rc7+ Rxc7 24.Qxc7+ Re7 25.Qb8 Kg6 26.Ne2 Kh7 27.Rc1 Rf7 28.Rc7 f4 29.exf4 Bg4
30.Qxb7 Rxc7 31.Qxc7+ Kg6 32.fxg5 Kxg5 33.Qc1+ Kg6 34.Nf4+ Kf5 35.Nxd5 Qxd4
36.Ne3+  1-0

[Event "Poznan"]
[Site "Poznan"]
[Date "1984.??.??"]
[Round "9"]
[White "Blatny, Pavel"]
[Black "Nowak, Ignacy"]
[Result "1/2-1/2"]
[WhiteElo "2355"]
[BlackElo "2395"]

1.e4 c5 2.Nc3 d6 3.g3 g6 4.Bg2 Bg7 5.d3 Nc6 6.Be3 e6 7.Qd2 Qd7 8.Nd1 b6 9.Ne2 Ba6
10.c3 Nge7 11.f3 d5 12.Nf2 h5 13.exd5 Nxd5 14.Rd1 Nxe3 15.Qxe3 Bb7 16.O-O Ne7
17.Ne4 Rd8 18.Qg5 Qc7 19.Nf4 Qe5 20.Rfe1 Qxg5 21.Nxg5 e5 22.Nfh3 O-O 23.f4 Bxg2
24.Kxg2 Nc6 25.fxe5 Nxe5 26.Nf4 Rfe8 27.Re2 Ng4 28.Rde1 Re5 29.Ne4 Rf5 30.h3 Ne5
31.Nf2 h4 32.Re4 hxg3 33.Kxg3 g5 34.Nh5 Rf3+ 35.Kg2 Rxf2+ 36.Kxf2 Nxd3+ 37.Kf3 Nxe1+
38.Rxe1 Rd2 39.Rg1 Bh6 40.h4 Rxb2 41.hxg5 Bg7 42.Nf6+ Kf8 43.Rd1 Rxa2 44.Ke4 Bxf6
45.gxf6 Ke8 46.Ke5 Re2+ 47.Kf5 c4 48.Rh1 Re3 49.Rh8+ Kd7 50.Rf8 Rxc3 51.Rxf7+ Kd6
52.Rxa7 Rf3+ 53.Kg6 c3 54.f7 Kc5 55.Rc7+ Kd4 56.Rc6 Rxf7 57.Kxf7 b5 58.Ke6 b4
59.Rb6 Kc4 60.Rc6+ Kd3 61.Rd6+ Ke3 62.Rc6 Kd4 63.Rb6 Kc4 64.Rc6+ Kd3 65.Rd6+ Kc2
66.Kd5 b3 67.Kc4 b2 68.Rb6 b1=Q 69.Rxb1 Kxb1 70.Kxc3  1/2-1/2

[Event "Poznan"]
[Site "Poznan"]
[Date "1984.??.??"]
[Round "10"]
[White "David, Pavel"]
[Black "Blatny, Pavel"]
[Result "1/2-1/2"]
[WhiteElo "2385"]
[BlackElo "2355"]

1.e4 e5 2.Nf3 Nc6 3.Bc4 Nf6 4.d3 Be7 5.O-O O-O 6.Bb3 d6 7.c3 Na5 8.Bc2 c5
9.h3 Nc6 10.d4 cxd4 11.cxd4 Qb6 12.d5 Nb4 13.Be3 Qa6 14.Nc3  1/2-1/2

[Event "Poznan"]
[Site "Poznan"]
[Date "1984.??.??"]
[Round "11"]
[White "Blatny, Pavel"]
[Black "Bernard, Ryszard"]
[Result "1/2-1/2"]
[WhiteElo "2355"]
[BlackElo "2415"]

1.e4 c5 2.Nc3 Nc6 3.g3 g6 4.Bg2 Bg7 5.d3 d6 6.f4 e6 7.Be3 Nge7 8.Qd2 O-O
9.Nf3 Nd4 10.Nd1 b6 11.O-O Bb7 12.Nh4 f5 13.c3 Ndc6 14.h3 d5 15.e5 Qd7 16.d4 cxd4
17.cxd4 Ba6 18.Re1 Na5 19.b3 Rfc8 20.Nf2 Bf8 21.Bf1 Bxf1 22.Rxf1 Nec6 23.Nd3 Ba3
24.Qd1 Qe7 25.Nf3 Nb4 26.Nxb4 Qxb4 27.Bd2 Qe7 28.Bc1 Rc6 29.Ne1 Rac8 30.Bxa3 Qxa3
31.Kg2 Rc3 32.Rf2 Qe7 33.Qd2 Nb7 34.Nd3 R3c7 35.Rc1 Rxc1 36.Nxc1 Na5 37.Nd3 Rc7
38.Qb2 Kf7 39.Rc2 Qd7 40.Qc1 Rxc2+ 41.Qxc2 Qc6 42.Nb4 Qxc2+ 43.Nxc2 Nc6 44.Kf3 h6
45.Ke3 Ke7 46.Kd3 Kd7 47.Kc3 g5 48.fxg5 hxg5 49.Ne1 Nd8 50.Kd3 Nf7 51.Nf3 Ke7
52.Ke3 Kf8 53.Ng1 Kg7 54.Ne2 Nd8 55.b4 b5 56.Kf3 Nc6 57.a3 a6 58.Ke3 a5 59.Nc3 axb4
60.axb4 Nxb4 61.Nxb5 Nc6 62.Nc7 Kf7 63.Nb5 Kg6 64.Kf2  1/2-1/2

[Event "EU-ch U20"]
[Site "Groningen"]
[Date "1985.??.??"]
[Round "9"]
[White "Blatny, Pavel"]
[Black "Piket, Jeroen"]
[Result "1-0"]
[WhiteElo "2395"]
[BlackElo "2380"]

1.e4 d6 2.d4 Nf6 3.Nc3 g6 4.f3 Bg7 5.Be3 c6 6.Qd2 b5 7.Nge2 Nbd7 8.g4 Nb6
9.b3 Qc7 10.Bg2 Bb7 11.a4 a6 12.O-O Rd8 13.Ng3 h5 14.g5 Nfd7 15.f4 b4 16.Nce2 h4
17.Nh1 h3 18.Bf3 c5 19.Rad1 cxd4 20.Bxd4 Ne5 21.Qe3 Nxf3+ 22.Rxf3 Bxd4 23.Rxd4 a5
24.c3 bxc3 25.Nxc3 Rc8 26.Nf2 Qc5 27.Qd2 Qa3 28.Qd1 Ba6 29.Re3 Rh4 30.f5 Nd7
31.f6 exf6 32.Rxd6 Qc5 33.Rg3 Rf4 34.Rd2 Ne5 35.Nd5 fxg5 36.Nxf4 gxf4 37.Rxh3 Ke7
38.Rd5 Qc7 39.Rh7 Bb7 40.Rb5 Bc6 41.Rc5 Rd8 42.Qa1 Ke6 43.Rh3 Rd2 44.Rhc3 Qb6
45.Rxe5+ Kxe5 46.Rxc6+ Qd4 47.Rc5+ Ke6 48.Rc6+ Kd7 49.Qxd4+  1-0

[Event "EU-ch U20"]
[Site "Groningen"]
[Date "1985.??.??"]
[Round "13"]
[White "Blatny, Pavel"]
[Black "Miralles, Gilles"]
[Result "1/2-1/2"]
[WhiteElo "2395"]
[BlackElo "2365"]

1.e4 e6 2.d4 d5 3.e5 c5 4.c3 Nc6 5.Nf3 Bd7 6.Bd3 cxd4 7.cxd4 Qb6 8.Be2 Nge7
9.b3 Nf5 10.Bb2 Be7 11.O-O h5 12.Qd2 g5 13.Nc3 Ncxd4 14.Nxd5 Nxe2+ 15.Qxe2 exd5
16.e6 fxe6 17.Bxh8 Bb5 18.Qd2 Bxf1 19.Rxf1 g4 20.Nd4 O-O-O 21.Rc1+ Kb8 22.Qc3 Bd6
23.Nxe6 Re8 24.Nd4 Ne7 25.Bf6 Rc8 26.Qd2 Rxc1+ 27.Qxc1 Bxh2+ 28.Kxh2 Qxf6
29.Qe3 a6 30.g3 Kc8 31.Ne2 Ng6 32.Kg2 h4 33.gxh4 Nxh4+ 34.Kh2 d4 35.Qg3 Nf3+
36.Kg2 Qf5 37.Nf4 Kd8 38.Nd3 Qxd3 39.Qb8+ Ke7 40.Qxb7+ Kd6 41.Qb6+ Ke5 42.Qc7+ Ke4
43.Qc6+ Kf5 44.Qd7+ Kf4 45.Qd6+ Ne5 46.Qh6+ Kf5 47.Qh5+ Ke4 48.Qh7+ Kd5 49.Qg8+ Kc5
50.Qf8+ Kc6 51.Qc8+ Kd6 52.Qb8+ Ke6 53.Qe8+ Kf5 54.Qh5+ Kf6 55.Qh8+ Ke6 56.Qe8+ Kd5
57.Qg8+ Kc5 58.Qc8+ Kb5 59.Qb8+  1/2-1/2

[Event "Wch U20"]
[Site "Sharjah"]
[Date "1985.??.??"]
[Round "3"]
[White "Blatny, Pavel"]
[Black "Gunawan, Ronny"]
[Result "1-0"]
[WhiteElo "2390"]
[BlackElo "2440"]

1.e4 c5 2.c3 d5 3.exd5 Qxd5 4.d4 e6 5.Nf3 Nf6 6.Na3 cxd4 7.Nb5 Qd8 8.Qxd4 Nd5
9.Bc4 a6 10.Bxd5 axb5 11.Bb3 Nc6 12.Qxd8+ Kxd8 13.Be3 b4 14.O-O-O+ Ke8 15.c4 e5
16.Rhe1 f6 17.Nd2 Be6 18.Ne4 Na5 19.Nc5 Bxc4 20.Kb1 Bxb3 21.Nxb3 Nxb3 22.axb3 Ra5
23.Rc1 Rd5 24.Rc8+ Rd8 25.Rc7 Rd7 26.Rec1 Be7 27.Rc8+ Bd8 28.R1c4 Kf7 29.Rb8 b5
30.Rxb4 Be7 31.R4xb5 Rxb8 32.Rxb8 Rd1+ 33.Kc2 Rh1 34.b4 Rxh2 35.g3 f5 36.b5 f4
37.gxf4 exf4 38.Bd4 Rh5 39.Kc3 g5 40.b6 g4 41.Kc4 Bd6 42.Rd8 Ke7 43.Bf6+ Ke6
44.b7 Rc5+ 45.Kb4  1-0

[Event "Wch U20"]
[Site "Sharjah"]
[Date "1985.??.??"]
[Round "5"]
[White "Blatny, Pavel"]
[Black "Grivas, Efstratios"]
[Result "1/2-1/2"]
[WhiteElo "2390"]
[BlackElo "2395"]

1.e4 c5 2.c3 d5 3.exd5 Qxd5 4.d4 e6 5.Nf3 Nf6 6.Na3 Nc6 7.Nb5 Qd8 8.dxc5 Bxc5
9.Qxd8+ Kxd8 10.Bg5 Ke7 11.Rd1 a6 12.Nbd4 Nxd4 13.Nxd4 Bd7 14.Be2 Rhd8 15.O-O Ba4
16.Nb3 Bb6 17.Bf3 Bc6 18.Bxc6 bxc6 19.c4 h6 20.Bd2 Ne4 21.Bb4+ c5 22.Ba5 Rab8
23.Bxb6 Rxb6 24.Rxd8 Kxd8 25.f3 Nd6 26.Rc1 Rb4 27.Nxc5 Rxb2 28.Nxa6 Rxa2
29.Nb4 Ra4 30.Nc6+ Kc7 31.Ne5 f6 32.Nd3 e5 33.Nc5 Ra7 34.f4 Kc6 35.fxe5 fxe5
36.Nd3 e4 37.Nf4 Re7 38.Nd5 Rb7 39.Nf4 Re7 40.Nd5 Rb7  1/2-1/2

[Event "Wch U20"]
[Site "Sharjah"]
[Date "1985.??.??"]
[Round "8"]
[White "Klinger, Josef"]
[Black "Blatny, Pavel"]
[Result "0-1"]
[WhiteElo "2460"]
[BlackElo "2390"]

1.d4 d5 2.c4 e6 3.Nc3 Nf6 4.Nf3 Bb4 5.e3 O-O 6.Bd3 Nc6 7.O-O dxc4 8.Bxc4 Bd6
9.Nb5 Be7 10.Bd3 a6 11.Nc3 Bd6 12.Ne4 Nxe4 13.Bxe4 Bd7 14.b3 f5 15.Bc2 Be8
16.a3 Bh5 17.Bb2 Rf6 18.h3 Rh6 19.e4 g5 20.exf5 g4 21.Qd2 Bf8 22.Qg5+ Qxg5
23.Nxg5 gxh3 24.Nxe6 Bd6 25.Rae1 Bg4 26.Re3 Ne7 27.gxh3 Nxf5 28.hxg4 Nxe3
29.fxe3 Rxe6 30.e4 Rg6 31.e5 Rxg4+ 32.Kh2 Rf8 33.Bf5 Be7 34.d5 Rh4+ 35.Kg3 Rh6
36.b4 Rg6+ 37.Kh3 Rh6+ 38.Kg3 Kg7 39.Rf4 Rh5 40.e6+ Kh6 41.Bc1 Bd6 42.Kf3 Bxf4
43.Bxf4+ Kg7  0-1

[Event "Wch U20"]
[Site "Sharjah"]
[Date "1985.??.??"]
[Round "10"]
[White "Howell, James C"]
[Black "Blatny, Pavel"]
[Result "1/2-1/2"]
[WhiteElo "2370"]
[BlackElo "2390"]

1.e4 e5 2.Nf3 Nc6 3.Bb5 a6 4.Ba4 Nf6 5.O-O Be7 6.Re1 b5 7.Bb3 O-O 8.a4 Bb7
9.d3 d6 10.Nc3 b4 11.Ne2 Na5 12.Ba2 c5 13.Ng3 Bc8 14.h3 Be6 15.Bxe6 fxe6
16.c3 bxc3 17.bxc3 Rb8 18.Be3 Nd7 19.d4 exd4 20.cxd4 Nc4 21.Nf1 Qe8 22.Bg5 Bxg5
23.Nxg5 cxd4 24.Qxd4 Nde5 25.Ne3 Nxe3 26.Rxe3 Qe7  1/2-1/2

[Event "Tatran Cup"]
[Site "Stary Smokovec"]
[Date "1985.??.??"]
[Round "?"]
[White "Knezevic, Milorad"]
[Black "Blatny, Pavel"]
[Result "1/2-1/2"]
[WhiteElo "2435"]
[BlackElo "2390"]

1.d4 d5 2.Nf3 Nf6 3.c4 e6 4.Nc3 Nbd7 5.Bg5 c6 6.cxd5 exd5 7.Qc2 Bd6 8.e3 O-O
9.Bd3 h6 10.Bh4 Re8 11.O-O Nb6 12.Bg3 Bxg3 13.hxg3 Ng4 14.Nh2 Nxh2 15.Kxh2 Qf6
16.Kg1 Bd7 17.Rae1  1/2-1/2

[Event "Tatran Cup"]
[Site "Stary Smokovec"]
[Date "1985.??.??"]
[Round "?"]
[White "Blatny, Pavel"]
[Black "Uhlmann, Wolfgang"]
[Result "1/2-1/2"]
[WhiteElo "2390"]
[BlackElo "2515"]

1.e4 e6 2.d4 d5 3.Nd2 c5 4.Ngf3 Nc6 5.exd5 exd5 6.Bb5 Bd6 7.dxc5 Bxc5 8.O-O Ne7
9.Nb3 Bd6 10.Re1 O-O 11.Bg5 a6 12.Bd3 Bg4 13.Bh4 Ne5 14.Nbd4 Re8 15.h3 Bxf3
16.Nxf3 Qc7 17.Nxe5 Bxe5 18.Bxh7+ Kxh7 19.Qh5+ Kg8 20.Qxe5 Qxe5 21.Rxe5 f6
22.Ree1 Nf5 23.Bg3 Rac8 24.Rxe8+ Rxe8 25.Kf1 Rc8 26.Rc1 Rc4 27.Bh2 b5 28.g4 Nd4
29.c3 Nf3 30.Bb8 d4 31.Ke2 Ng5 32.h4 Ne6 33.f3 b4 34.Kd3 Rc8 35.Bg3 dxc3
36.bxc3 Nc5+ 37.Kc2 Na4 38.Kb3 Nc5+ 39.Kc2 Na4 40.Be1 a5 41.Kb3 Nc5+ 42.Kc4 Na4+
43.Kd4 Rd8+ 44.Kc4 Rc8+ 45.Kd3 Rd8+ 46.Kc2 Rc8 47.Bd2 f5 48.h5 fxg4 49.fxg4 Nxc3
50.Kb3 Rb8 51.Bxc3 bxc3+ 52.Kxc3 Rb4 53.Rg1 g6 54.hxg6 Kg7 55.Rd1 Rxg4 56.Rd5 a4
57.Rd6 Rxg6 58.Rxg6+  1/2-1/2

[Event "Tatran Cup"]
[Site "Stary Smokovec"]
[Date "1985.??.??"]
[Round "?"]
[White "Blatny, Pavel"]
[Black "Tibensky, Robert"]
[Result "1/2-1/2"]
[WhiteElo "2390"]
[BlackElo "2380"]

1.e4 e6 2.d4 d5 3.e5 b6 4.c3 Qd7 5.a4 a5 6.Bb5 c6 7.Bd3 Ba6 8.Ne2 Bxd3 9.Qxd3 Ne7
10.h4 h5 11.Ng3 Nf5 12.Bg5 Be7 13.Nxf5 exf5 14.Bxe7 Kxe7 15.Nd2 Na6 16.Nf3 g6
17.O-O Kf8 18.Rfe1 Nc7 19.Ng5  1/2-1/2

[Event "Wch U20"]
[Site "Gausdal"]
[Date "1986.??.??"]
[Round "9"]
[White "Blatny, Pavel"]
[Black "Nikolic, Nebojsa"]
[Result "1-0"]
[WhiteElo "2410"]
[BlackElo "2320"]

1.e4 c5 2.Nc3 Nc6 3.g3 g6 4.Bg2 Bg7 5.d3 d6 6.f4 e6 7.Nf3 Nge7 8.O-O O-O
9.Kh1 b6 10.Qe1 Bb7 11.g4 Nd4 12.Nxd4 cxd4 13.Ne2 f5 14.gxf5 exf5 15.Qf2 fxe4
16.dxe4 Nc6 17.Qg3 Kh8 18.f5 Qd7 19.Bg5 gxf5 20.Qh3 Rae8 21.Ng3 Ne7 22.Rf2 Bc8
23.Qh5 f4 24.Rxf4 Rxf4 25.Bxf4 Ng6 26.Bh6 Be5 27.Nf5 Qc7 28.Rc1 Rg8 29.Bg5 Be6
30.Qf3 Rf8 31.Qd3 Qc4 32.Qxc4 Bxc4 33.b3 Be6 34.Rf1 Rc8 35.Rf2 Rc7 36.h4 Rf7
37.Kg1 Nf8 38.Kf1 Nd7 39.h5 a5 40.Ke2 Nc5 41.Bd8 Nd7 42.Bh3 d5 43.exd5 Bxd5
44.Ne7 d3+ 45.cxd3 Rxf2+ 46.Kxf2 Bd4+ 47.Ke2 Nf6 48.Nf5 Bc3 49.h6 b5 50.Nd6 a4
51.Nxb5 Bb2 52.bxa4 Bxa2 53.a5 Nd5 54.Kf3 Nb4 55.Bf5 Bb3 56.Be4 Ba4 57.Nc7 Bd4
58.Bg5 Bd7 59.a6 Bb6 60.Bf6+ Kg8 61.Nd5 Nxd5 62.Bxd5+ Kf8  1-0

[Event "Wch U20"]
[Site "Gausdal"]
[Date "1986.??.??"]
[Round "13"]
[White "Matamoros Franco, Carlos S"]
[Black "Blatny, Pavel"]
[Result "1/2-1/2"]
[WhiteElo "2325"]
[BlackElo "2410"]

1.d4 Nf6 2.c4 e6 3.Nf3 d5 4.Nc3 Bb4 5.Bg5 h6 6.Bxf6 Qxf6 7.e3 O-O 8.Rc1 c6
9.a3 Ba5 10.b4 Bb6 11.Bd3 Nd7 12.O-O dxc4 13.Bxc4 Rd8 14.Qb3 Bc7 15.Rcd1 g5
16.e4 e5 17.dxe5 Nxe5 18.Rxd8+ Qxd8 19.Nxe5 Bxe5 20.Bxf7+ Kg7 21.Ne2 Qc7
22.Be6 Bxh2+ 23.Kh1 Be5 24.Rd1 Qe7 25.Bxc8 Rxc8 26.Nd4 Bxd4 27.Rxd4 Rf8 28.Qg3 Rf4
29.Qc3 Kg6 30.Qd3 Qe5 31.Kg1 Rf7 32.Rd6+ Kg7 33.Rd7 Qa1+ 34.Kh2 Qf6 35.Rxf7+ Kxf7
36.Qd7+ Qe7 37.Qf5+ Qf6 38.Qd7+ Qe7 39.Qf5+ Qf6  1/2-1/2

[Event "EU-ch U20"]
[Site "Groningen"]
[Date "1986.??.??"]
[Round "?"]
[White "Gdanski, Jacek"]
[Black "Blatny, Pavel"]
[Result "1/2-1/2"]
[WhiteElo "2290"]
[BlackElo "2410"]

1.e4 e5 2.Nf3 Nc6 3.Bc4 Nf6 4.d4 exd4 5.O-O Nxe4 6.Re1 d5 7.Bxd5 Qxd5 8.Nc3 Qa5
9.Nxe4 Be6 10.Bd2 Bb4 11.Nxd4 Nxd4 12.c3 Be7 13.cxd4 Qd5 14.Qa4+ Qd7 15.Qxd7+ Kxd7
16.Bf4 c6 17.Nc5+ Bxc5 18.dxc5 Bd5 19.a3  1/2-1/2

[Event "Poznan"]
[Site "Poznan"]
[Date "1986.??.??"]
[Round "4"]
[White "Blatny, Pavel"]
[Black "Muse, Mladen"]
[Result "1-0"]
[WhiteElo "2415"]
[BlackElo "2435"]

1.e4 c5 2.c3 d5 3.exd5 Qxd5 4.d4 Nc6 5.Nf3 cxd4 6.cxd4 e6 7.Nc3 Qd6 8.Bc4 Nf6
9.O-O Be7 10.Nb5 Qd8 11.Bf4 O-O 12.Bc7 Qd7 13.Ne5 Nxe5 14.dxe5 Ne8 15.Ba5 b6
16.Bd2 a6 17.Nc3 Bb7 18.Qe2 b5 19.Bb3 Bc5 20.Ne4 Be7 21.Rfd1 Bc6 22.Bg5 Qb7
23.Bxe7 Qxe7 24.Rac1 Bxe4 25.Qxe4 Rd8 26.Qc6 Rxd1+ 27.Rxd1 Qg5 28.Qe4 a5
29.a3 Nc7 30.f4 Qe7 31.Qc6 Rd8 32.Rd6 g6 33.g3 Kg7 34.Qb6 Ra8 35.Qd4 Na6
36.Bxe6 Ra7 37.Bxf7  1-0

[Event "Poznan"]
[Site "Poznan"]
[Date "1986.??.??"]
[Round "5"]
[White "Sarwinski, Miroslaw"]
[Black "Blatny, Pavel"]
[Result "1/2-1/2"]
[WhiteElo "2410"]
[BlackElo "2415"]

1.d4 Nf6 2.c4 e5 3.dxe5 Ng4 4.Nf3 Bc5 5.e3 Nc6 6.Nc3 O-O 7.Be2 Re8 8.O-O Ncxe5
9.Nxe5 Nxe5 10.b3 a5 11.Bb2 Ra6 12.Ne4 Ba7 13.c5 Rh6 14.g3 d5 15.cxd6 cxd6
16.Bd4 Nc6 17.Bxa7 Rxe4 18.f3 Re8  1/2-1/2

[Event "Poznan"]
[Site "Poznan"]
[Date "1986.??.??"]
[Round "7"]
[White "Przewoznik, Jan"]
[Black "Blatny, Pavel"]
[Result "0-1"]
[WhiteElo "2420"]
[BlackElo "2415"]

1.e4 e5 2.Nf3 Nc6 3.Bb5 a6 4.Ba4 Nf6 5.O-O Be7 6.Re1 b5 7.Bb3 O-O 8.a4 Bb7
9.d3 Re8 10.Nc3 b4 11.Nd5 Na5 12.Nxe7+ Qxe7 13.Ba2 Rab8 14.Nh4 d5 15.Bg5 h6
16.Nf5 Qe6 17.Bh4 b3 18.cxb3 Nc6 19.b4 Nxb4 20.Bb3 c5 21.Re3 Kh7 22.Rh3 c4
23.dxc4 Nxe4 24.Ne3 d4 25.Nc2 Bc6 26.Nxb4 Rxb4 27.Bc2 f5 28.b3 Kg8 29.f3 Nc3
30.Qd2 Rb7 31.Re1 Rd7 32.Bf2 Qf6 33.Bxd4 Nxa4 34.bxa4 Rxd4 35.Qc3 g5 36.Bxf5 Qxf5
37.Rxh6 Bb7 38.c5 Kg7 39.Rb6 Bc8 40.a5 Qd3 41.Qc1 Qd2 42.Qb1 Qd3 43.Qc1 Qf5
44.h3 Red8 45.c6 Rd2 46.Kh1 Qf4 47.Qc5 Re8 48.Qe3 Bxh3 49.Rb7+ Kg6 50.Qa7 Bd7  0-1

[Event "Poznan"]
[Site "Poznan"]
[Date "1986.??.??"]
[Round "8"]
[White "Blatny, Pavel"]
[Black "Conquest, Stuart"]
[Result "0-1"]
[WhiteElo "2415"]
[BlackElo "2400"]

1.e4 c6 2.d4 d5 3.exd5 cxd5 4.c4 Nf6 5.Nc3 Nc6 6.Bg5 Be6 7.Bxf6 gxf6 8.g3 Qa5
9.Bg2 O-O-O 10.Ne2 dxc4 11.O-O h5 12.h4 Bg4 13.f3 Bf5 14.b3 Nxd4 15.Nxd4 Qxc3
16.Nxf5 Rxd1 17.Rfxd1 e6 18.Rac1 Qa5 19.Rxc4+ Kb8 20.Nd4 Be7 21.Rdc1 Rd8
22.Kh2 a6 23.R1c2 Bd6 24.b4 Qb6 25.Ne2 Rd7 26.Nf4 Rc7 27.Nxh5 Rxc4 28.Rxc4 Qb5
29.Rd4 Qe5 30.Rd3 Bxb4 31.Ng7 f5 32.Nh5 Kc7 33.Rb3 Qe1 34.f4 b5 35.Nf6 Bc3
36.Nh7 b4 37.Ng5 Qa1 38.h5 Qxa2 39.Rxc3+ bxc3 40.h6 c2 41.h7 Qb2  0-1

[Event "CSR-ch"]
[Site "Prague"]
[Date "1986.??.??"]
[Round "2"]
[White "Trapl, Jindrich"]
[Black "Blatny, Pavel"]
[Result "1/2-1/2"]
[WhiteElo "2340"]
[BlackElo "2415"]

1.Nf3 d5 2.d4 Nf6 3.c4 e6 4.Nc3 Bb4 5.Bg5 h6 6.Bxf6 Qxf6 7.e3 O-O 8.Qb3 c5
9.Rc1 dxc4 10.Bxc4 Nc6 11.dxc5 Qg6 12.O-O Bxc5 13.Qb5 Bb4 14.Bd3 f5 15.Ne2 a6
16.Qa4 Bd6 17.Rfd1 e5 18.Rxc6 bxc6 19.Qxc6 Kh7 20.Bc4 Be6 21.Bxe6 Qxe6 22.Nc3 Rfd8
23.g3 e4 24.Nd4 Qg6 25.Nxf5 Qxf5 26.Rxd6 Rac8 27.Qxa6 Qf3 28.Rxd8 Rxd8 29.Qe6 Rd1+
30.Nxd1 Qxd1+ 31.Kg2 Qf3+  1/2-1/2

[Event "CSR-ch"]
[Site "Prague"]
[Date "1986.??.??"]
[Round "7"]
[White "Haba, Petr"]
[Black "Blatny, Pavel"]
[Result "1/2-1/2"]
[WhiteElo "2325"]
[BlackElo "2415"]

1.Nf3 Nf6 2.c4 c6 3.Nc3 d5 4.cxd5 cxd5 5.d4 Nc6 6.Bf4 Bf5 7.e3 e6 8.Bd3 Bxd3
9.Qxd3 Bd6 10.Bxd6 Qxd6 11.O-O O-O 12.Rfc1 Rfc8  1/2-1/2

[Event "CSR-ch"]
[Site "Prague"]
[Date "1986.??.??"]
[Round "8"]
[White "Blatny, Pavel"]
[Black "Jansa, Vlastimil"]
[Result "0-1"]
[WhiteElo "2415"]
[BlackElo "2485"]

1.e4 d6 2.d4 Nf6 3.Nc3 g6 4.f3 c6 5.Be3 Nbd7 6.Qd2 b5 7.O-O-O Qa5 8.Kb1 Bg7
9.Nd5 Qxd2 10.Nxf6+ Nxf6 11.Rxd2 O-O 12.g4 a6 13.Ne2 Nd7 14.Bg2 Bb7 15.h4 Rac8
16.f4 c5 17.d5 Rfe8 18.h5 e6 19.hxg6 hxg6 20.dxe6 Rxe6 21.f5 Ree8 22.Rxd6 Nf6
23.fxg6 fxg6 24.g5 Nxe4 25.Rxg6 Nc3+ 26.Nxc3 Bxg2 27.Re1 b4 28.Nd1 Bf3 29.Kc1 Rcd8
30.Nf2 Kf7 31.Rxa6 Bd4 32.Nd3 Bxe3+ 33.Kb1 Kg7 34.b3 Bd4 35.a3 Rxe1+ 36.Nxe1 Bc3  0-1

[Event "CSR-ch"]
[Site "Prague"]
[Date "1986.??.??"]
[Round "15"]
[White "Prandstetter, Eduard"]
[Black "Blatny, Pavel"]
[Result "0-1"]
[WhiteElo "2450"]
[BlackElo "2415"]

1.e4 e5 2.Nf3 Nc6 3.Bb5 a6 4.Ba4 Nf6 5.O-O Be7 6.Re1 b5 7.Bb3 O-O 8.c3 d5
9.exd5 Nxd5 10.Nxe5 Nxe5 11.Rxe5 c6 12.d4 Bd6 13.Re1 Qh4 14.g3 Qh3 15.Be3 Bg4
16.Qd3 Rae8 17.Nd2 Re6 18.a4 f5 19.Qf1 Qh5 20.f4 bxa4 21.Rxa4 Rb8 22.Bxd5 cxd5
23.Rxa6 Rbe8 24.Qf2 g5 25.Rxd6 Rxd6 26.fxg5 Rde6 27.h4 f4 28.gxf4 Bh3 29.Nf1 Bxf1
30.Kxf1 Qg4 31.Bd2 Rxe1+ 32.Bxe1 Qh3+ 33.Kg1 Qe6 34.Kf1 Qe4 35.Qd2 Qf3+ 36.Bf2 Re4
37.g6 h5 38.c4 Rxf4 39.Qe1 Qh3+  0-1

[Event "Tirnavia"]
[Site "Trnava"]
[Date "1986.??.??"]
[Round "1"]
[White "Blatny, Pavel"]
[Black "Meduna, Eduard"]
[Result "0-1"]
[WhiteElo "2415"]
[BlackElo "2425"]

1.e4 c6 2.c4 d5 3.cxd5 cxd5 4.exd5 Nf6 5.Bb5+ Nbd7 6.Nc3 a6 7.Bxd7+ Qxd7
8.Nf3 Nxd5 9.O-O e6 10.Ne5 Nxc3 11.dxc3 Qxd1 12.Rxd1 Bc5 13.Be3 Bxe3 14.fxe3 Ke7
15.a4 f6 16.Nc4 Bd7 17.Na5 Rab8 18.Rd2 Rhc8 19.Nb3 e5 20.Kf2 Be6 21.Ra3 Rd8
22.Ke1 Rxd2 23.Nxd2 a5 24.c4 Bd7 25.b3 Bc6 26.g3 Kd6 27.Ra1 Kc5 28.Rc1 Rd8
29.Ke2 Kb4 30.e4 Bd7 31.Ke3 Be6 32.Rc2 Bg4 33.Rc1 g6 34.Rc2 h5 35.Rc1 f5
36.Rc2 Bd1 37.Ra2 Kc3 38.exf5 gxf5 39.Nb1+ Kxb3 40.Rf2 Bc2 41.Nd2+ Kc3 42.Nf3 Rd3+  0-1